Fifth generation management, second edition : (Record no. 345377)
[ view plain ]
| 000 -LEADER | |
|---|---|
| fixed length control field | 02067 a2200205 4500 |
| 020 ## - INTERNATIONAL STANDARD BOOK NUMBER | |
| International Standard Book Number | 0750697016 |
| 020 ## - INTERNATIONAL STANDARD BOOK NUMBER | |
| International Standard Book Number | 9780750697019 |
| 082 04 - DEWEY DECIMAL CLASSIFICATION NUMBER | |
| Classification number | 658.402 |
| 090 ## - LOCALLY ASSIGNED LC-TYPE CALL NUMBER (OCLC); LOCAL CALL NUMBER (RLIN) | |
| -- | 2887 |
| -- | 2887 |
| 100 1# - MAIN ENTRY--PERSONAL NAME | |
| Personal name | Savage, Charles. |
| 245 10 - TITLE STATEMENT | |
| Title | Fifth generation management, second edition : |
| Remainder of title | dynamic teaming, virtual enterprising and knowledge networking / |
| Statement of responsibility, etc. | Charles Savage. |
| 250 ## - EDITION STATEMENT | |
| Edition statement | 2nd ed. |
| 260 ## - PUBLICATION, DISTRIBUTION, ETC. | |
| Place of publication, distribution, etc. | [S.l.] : |
| Name of publisher, distributor, etc. | Butterworth-Heinemann, |
| Date of publication, distribution, etc. | 1996. |
| 300 ## - PHYSICAL DESCRIPTION | |
| Extent | 341 p. ; |
| Dimensions | 24 cm. |
| 500 ## - GENERAL NOTE | |
| General note | Paperback. |
| 520 ## - SUMMARY, ETC. | |
| Summary, etc. | This revised edition of Fifth Generation Management helps executives out of the rigid mindsets of the Industrial Era into the vibrant and invigorating possibilities of co-creation in the Knowledge Era. Divided into two parts, the first completely rewritten section narrates 'Five Days that Changed the Enterprise', a case study of senior executives who are forced out of their cozy little empires into a new network organization of their own design. The second part discusses the process of co-creating through virtual enterprising, dynamic teaming, and knowledge networking. Included is essential new information on fractal enterprises, holonic management systems, agile enterprises, and hypertext organizations. Charles Savage is president of Knowledge Era Enterprises, Inc and was formerly in the consultant division of DIgital Equipment Corporation. He presents 'Master Classes' on dynamic teaming and virtual enterprising and has written extensively on the knowledge era. His company's logo is a key with the phrase "Unlocking the Future". Charles Savage assists companies around the world to achieve that goal. Over 40,000 copies of previous edition sold world-wide Previous edition was awarded 'Book of the Year' by Tom Peters. Covers lessons learned over the last five years since Fifth Generation Management was first published. |
| 856 40 - ELECTRONIC LOCATION AND ACCESS | |
| Materials specified | Amazon.com |
| Uniform Resource Identifier | <a href="http://www.amazon.com/exec/obidos/ASIN/0750697016/chopaconline-20">http://www.amazon.com/exec/obidos/ASIN/0750697016/chopaconline-20</a> |
| 856 40 - ELECTRONIC LOCATION AND ACCESS | |
| Materials specified | Amazon customer reviews |
| Uniform Resource Identifier | <a href="http://www.chopac.org/cgi-bin/tools/azrev.pl?q=0750697016">http://www.chopac.org/cgi-bin/tools/azrev.pl?q=0750697016</a> |
| 942 ## - ADDED ENTRY ELEMENTS (KOHA) | |
| Institution code [OBSOLETE] | NBS |
| Koha item type | Book |
| Call number prefix | 658.402 SAN |
| Withdrawn status | Lost status | Damaged status | Not for loan | Permanent Location | Current Location | Date acquired | Total Checkouts | Full call number | Barcode | Date last seen | Price effective from | Koha item type |
|---|---|---|---|---|---|---|---|---|---|---|---|---|
| Central Library (CL) | Central Library (CL) | 08/28/2013 | 658.402 SAN | NBS1364 | 08/28/2013 | 08/28/2013 | Book |
